| 000 | 00920cam a2200301 4500 | ||
|---|---|---|---|
| 001 | 833289 | ||
| 003 | NUST | ||
| 005 | 20220306104809.0 | ||
| 008 | 700625s1970 nyu j 000 1 eng | ||
| 010 | _a 77081715 | ||
| 038 | _awaseem | ||
| 040 |
_aDLC _cDLC _dDLC |
||
| 042 | _alcac | ||
| 050 | 0 | 0 |
_aPZ7.B6415 _bVi |
| 082 | 0 | 0 |
_a813.54 _bBON |
| 100 | 1 |
_aBonham, Frank. _990313 |
|
| 245 | 1 | 0 |
_aViva Chicano / _cViva Bonham |
| 250 | _a[1st ed.] | ||
| 260 |
_aNew York, _bE. P. Dutton _c1970. |
||
| 300 |
_aviii, 179 p. _c21 cm. |
||
| 350 | _a4.50 | ||
| 520 | _aKeeny, a Mexican-American on parole, feels he must not return to the atmosphere of his home and neighborhood and devises a solution to the problem. | ||
| 563 | _aHBK. | ||
| 650 | 1 |
_aMexican Americans _xFiction. _990314 |
|
| 650 | 1 |
_aJuvenile delinquency _xFiction. _990315 |
|
| 906 |
_a7 _bcbc _corignew _du _encip _f19 _gy-gencatlg |
||
| 942 |
_2ddc _cBK |
||
| 999 |
_c588599 _d588599 |
||